000 00623nam a2200181 a 4500
001 000041556
005 20201002035634.0
008 131011s1966 xxua 000 0 eng d
040 _aDO-SdBNP
_beng
_cBNPHU
082 _axxxxx
_bxxxxx
100 1 _aHerskovits, Melville S.
_968298
245 1 0 _aThe new world negro /
_cMelville S. Herskovits ; editor Frances S. Herskovits.
260 _aNew York :
_bMinerva press,
_c1966.
300 _a370 p. :
_bil. ;
_c20 cm.
500 _aIncluye índice
504 _aIncluye referencias bibliográficas y notas al pie de las páginas
700 1 _aS. Herskovits, Frances,
_eed.
_968299
999 _c41046
_d41046